Filosofía de los actos de habla.

Guardat en:
Dades bibliogràfiques
Autor principal: Santibáñez Cerda, Edison (autor)
Format: Llibre
Idioma:espanyol
Publicat: Valparaíso; Chile: Ediciones Universitarias de Valparaíso, 2014.
Matèries:
Etiquetes: Afegir etiqueta
Sense etiquetes, Sigues el primer a etiquetar aquest registre!

MARC

LEADER 00000cam a2200000 a 4500
001 UCE8124
003 CL-VaPUC
005 20231128114027.0
008 150728e20140000cl |||||||||||||||||spa|d
999 |c 360074  |d 360072 
020 |a 9789561705869 
040 |c Pontificia Universidad Católica de Valparaíso 
082 0 4 |a 401.41 SAN 2014  |2 21 
100 0 |a Santibáñez Cerda, Edison  |e autor  |9 580858 
245 1 0 |a Filosofía de los actos de habla. 
260 |a Valparaíso; Chile:  |b Ediciones Universitarias de Valparaíso,   |c 2014. 
300 |a 126 páginas.  
500 |a c.6 Donación Sr.Claudio Elórtegui R. (julio 2022). 
583 |a last modification  |c 20150728 02:04:00  |k Rodrigo Vera 
650 0 |a Análisis del discurso  |9 256696 
650 0 |a Actos de habla   |9 454718 
650 0 |a Psicolingüística   |9 283371 
942 |c BK  |2 ddc 
945 |d 20150728 02:04:00  |a dcastane 
952 |0 0  |1 0  |3 erb  |4 0  |6 401_410000000000000_SAN_2014  |7 0  |8 A  |9 469707  |a FDOPOS  |b FDOPOS  |i 5191483  |o 401.41 SAN 2014  |p 5191483  |r 2025-01-22  |w 2019-11-23  |y BK  |z Catalogado en:20150728  |k MED 
952 |0 0  |1 0  |3 erb  |4 0  |6 401_410000000000000_SAN_2014  |7 0  |8 A  |9 469708  |a BIBEDU  |b BIBEDU  |i 5261384  |o 401.41 SAN 2014  |p 5261384  |r 2019-11-23  |w 2019-11-23  |y BK  |z Catalogado en:20160114  |k LIT 
952 |0 0  |1 0  |3 erb  |4 0  |6 401_410000000000000_SAN_2014  |7 0  |8 A  |9 469709  |a BIBEDU  |b BIBEDU  |i 5261376  |o 401.41 SAN 2014  |p 5261376  |r 2019-11-23  |w 2019-11-23  |y BK  |z Catalogado en:20160114  |k LIT 
952 |0 0  |1 0  |3 erb  |4 0  |6 401_410000000000000_SAN_2014  |7 0  |8 A  |9 469710  |a BIBEDU  |b BIBEDU  |i 5261368  |o 401.41 SAN 2014  |p 5261368  |r 2019-11-23  |w 2019-11-23  |y BK  |z Catalogado en:20160114  |k LIT 
952 |0 0  |1 0  |3 erb  |4 0  |6 401_410000000000000_SAN_2014  |7 0  |8 X  |9 469711  |a FDOBUD  |b FDOBUD  |i 5303036  |o 401.41 SAN 2014  |p 5303036  |r 2019-11-23  |w 2019-11-23  |y BK_X  |z Catalogado en:20160428  |k FHP 
952 |0 0  |1 0  |2 ddc  |4 0  |6 401_410000000000000_SAN_2014  |7 0  |8 A  |9 586811  |a FDOPOS  |b FDOPOS  |c GEN  |d 2022-09-22  |e Donación   |i 5654735  |o 401.41 SAN 2014  |p 5654735  |r 2025-01-22  |t 6  |w 2022-09-22  |y BK  |k MED 
952 |0 0  |1 0  |2 ddc  |4 0  |6 401_410000000000000_SAN_2014  |7 0  |8 A  |9 596774  |a BIBGIM  |b BIBGIM  |d 2024-09-16  |i 5662725  |o 401.41 SAN 2014  |p 5662725  |r 2025-01-15  |t 7  |w 2024-09-16  |y BK  |k ELE